00170nam a22000737a 4500003000400000245004400004260004000048300000800088SGT aCivil Engineering & Construction Review bTrend-Set Engineers Pvt. Ltd.c2020 a300